| 000 | 00344nam a22001217a 4500 | ||
|---|---|---|---|
| 082 | _a220 PRO | ||
| 100 |
_aDANYAL, USMAN, ASIM _972070 |
||
| 245 | _aPR-SOF-1285-WATER MONITORING AND MANAGEMENT SYSTEM | ||
| 260 |
_aISLAMABAD _bNUST COLLEGE OF EME _c2013 |
||
| 650 | _aDE-ELECT-31 | ||
| 700 |
_aSUPERVISOR DR MUHAMMAD SLAMAN _972071 |
||
| 942 | _cCR | ||
| 999 |
_c578266 _d578266 |
||